| 000 | 00513nam a2200169 a 4500 | ||
|---|---|---|---|
| 005 | 20140412111316.0 | ||
| 008 | 010323s19uu xx 00 eng d | ||
| 020 | _a0-17-003805-X | ||
| 050 |
_aER _bNa11 |
||
| 100 | _aRidsdale, Angela M. | ||
| 245 |
_aNaughty Blackie / _cwritten and edited by Angela M. Ridsdale and Pat Veitch. |
||
| 260 |
_aMelbourne : _bThomas Nelson (Australia) Lt.d, _c1970. |
||
| 300 | _a16 p. ; ill. | ||
| 440 | _aYoung Australia Stepping Stones | ||
| 650 | _aReading | ||
| 999 |
_c104213 _d104213 |
||